LIBRARY & INFORMATION CENTRE, KCAET, TAVANUR

ONLINE PUBLIC ACCESS CATALOGUE (OPAC)

Econonmic analysis of agricultural projects (Record no. 15296)

MARC details
000 -LEADER
fixed length control field 00345nam a22001337a 4500
020 ## - INTERNATIONAL STANDARD BOOK NUMBER
ISBN 0-8018-2913-5
082 ## - DEWEY DECIMAL CLASSIFICATION NUMBER
Classification number 338.13
Item number GIT/EC
100 ## - MAIN ENTRY--AUTHOR NAME
Personal name Gittinger, J. Price
245 ## - TITLE STATEMENT
Title Econonmic analysis of agricultural projects
250 ## - EDITION STATEMENT
Edition statement 2
260 ## - PUBLICATION, DISTRIBUTION, ETC. (IMPRINT)
Place of publication U.S.A
Name of publisher The Johns Hopkins University Press
Year of publication 1984
300 ## - PHYSICAL DESCRIPTION
Number of Pages 505
942 ## - ADDED ENTRY ELEMENTS (KOHA)
Koha item type Reference
Holdings
Withdrawn status Lost status Damaged status Home library Current library Shelving location Date acquired Cost, normal purchase price Full call number Accession Number Koha item type
      KAUAET KAUAET Reference 28/02/2018 5760.00 338.13 GIT/EC 25450 Reference
free website counter